Tipología documental de la desamortización de Madoz en el Archivo Histórico Provincial de Badajoz / María del Pilar Casado Izquierdo
ISBN:
84-7671-785-7
Descripción Física:
218 p. ; 24 cm
MARC
| LEADER | 00000nam a2200000Ia 4500 | ||
|---|---|---|---|
| 001 | 16561 | ||
| 003 | BGR | ||
| 005 | 20260324175651.0 | ||
| 008 | 160829s2004 xx 000 0 cat d | ||
| 020 | |a 84-7671-785-7 | ||
| 080 | |a A-2-214 | ||
| 100 | |a Casado Izquierdo, María del Pilar |9 37201 | ||
| 245 | |a Tipología documental de la desamortización de Madoz en el Archivo Histórico Provincial de Badajoz / María del Pilar Casado Izquierdo | ||
| 260 | |a Badajoz : |b Junta de Extremadura, Consejería de Cultura, |c 2004 | ||
| 300 | |a 218 p. ; |c 24 cm | ||
| 590 | |a Bibliografia | ||
| 650 | |a Madoz, Pascual |9 37202 | ||
| 650 | |a Archivo Histórico Províncial de Badajoz |x Inventaris |9 37203 | ||
| 650 | |a Desamortització |x Badajoz |x S. XIX |9 37204 | ||
| 710 | 1 | |a Extremadura. |b Consejería de Cultura |9 54127 | |
| 710 | 1 | |a Archivo Histórico Provincial de Badajoz |9 70427 | |
| 901 | |a Arxiu | ||
| 942 | |n 1 |2 udc |c MON | ||
| 952 | |0 0 |1 0 |4 0 |6 A2214 |7 1 |9 47747 |a Arxiu |b Arxiu |d 2016-12-01 |l 0 |o A-2-214 |p 16561 |r 2016-12-01 00:00:00 |w 2016-12-01 |y ARXIU | ||
| 999 | |c 51546 |d 51546 | ||